Normal view
MARC view
Entry Personal Name
001 - CONTROL NUMBER
- control field: 22939
003 - CONTROL NUMBER IDENTIFIER
- control field: dpl
005 - DATE AND TIME OF LATEST TRANSACTION
- control field: 20101006112840.0
008 - FIXED-LENGTH DATA ELEMENTS
- fixed length control field: 101006|||a|||||| | ||| d
040 ## - CATALOGING SOURCE
- Original cataloging agency: dpl
- Transcribing agency: dpl
100 ## - HEADING--PERSONAL NAME
- Personal name: मंटो, सआदत हसन
670 ## - SOURCE DATA FOUND
- Source citation: Work cat.: (dpl)34029: मंटो, सआदत हसन , दो कौमें /, 2010
670 ## - SOURCE DATA FOUND
- Source citation: Work cat.: (dpl)34029: मंटो, सआदत हसन , दो कौमें /, 2010
